परम संत परम दयाल फकीर चन्द जी महाराज को श्रद्धांजलि / (Record no. 18173)

MARC details
000 -LEADER
fixed length control field 01335nam a22002657a 4500
005 - DATE AND TIME OF LATEST TRANSACTION
control field 20081107125036.0
008 - FIXED-LENGTH DATA ELEMENTS--GENERAL INFORMATION
fixed length control field 081107t xxu||||| |||| 00| 0 hin d
010 ## - LCCN (DPL NO)
LC control number HIN-84729
020 ## - INTERNATIONAL STANDARD BOOK NUMBER
Terms of availability 150.00
International Standard Book Number 8190476324
035 ## - SYSTEM CONTROL NUMBER
System control number HN-57075
037 ## - SOURCE OF ACQUISITION
Source of stock number/acquisition DBAD / PUB
040 ## - CATALOGING SOURCE
Original cataloging agency DPL
Language of cataloging HN
082 ## - DEWEY DECIMAL CLASSIFICATION NUMBER
Classification number 230.52
100 ## - MAIN ENTRY--PERSONAL NAME
Personal name मुंशीराम
245 ## - TITLE STATEMENT
Title परम संत परम दयाल फकीर चन्द जी महाराज को श्रद्धांजलि /
Statement of responsibility, etc मुंशीराम
246 ## - VARYING FORM OF TITLE
Title proper/short title Param Sant Param Dayal Fakir Chand ji Maharaj ko sardhanjali
Remainder of title Munshiram
260 ## - PUBLICATION, DISTRIBUTION, ETC. (IMPRINT)
Place of publication, distribution, etc दिल्ली
Name of publisher, distributor, etc गौरव बुक सेन्टर
Date of publication, distribution, etc 2007
270 ## - ADDRESS
Address डी-593,, सेक्टर-1, रोहिणी
City दिल्ली
Postal code 110085
Telephone number 9873096176
300 ## - PHYSICAL DESCRIPTION
Extent 64पृ
Dimensions 22सेमी (अजिल्द)
500 ## - GENERAL NOTE
General note संत सद्गुगुरू श्री मंशीराम जी के वचन
650 ## - SUBJECT ADDED ENTRY--TOPICAL TERM
Topical term or geographic name as entry element धर्म
General subdivision हिन्दू
650 ## - SUBJECT ADDED ENTRY--TOPICAL TERM
Topical term or geographic name as entry element Religion
General subdivision Hindu
942 ## - ADDED ENTRY ELEMENTS (KOHA)
Source of classification or shelving scheme Dewey Decimal Classification
Item type Hindi Books
Call number suffix मुशीरा
Classification part 230.52
Holdings
Withdrawn status Lost status Source of classification or shelving scheme Damaged status Not for loan Collection code Home library Current library Date acquired Source of acquisition Cost, normal purchase price Total Checkouts Full call number Barcode Date last seen Copy number Cost, replacement price Koha item type
    Dewey Decimal Classification   Not For Loan Non-fiction D.B.Act.Division D.B.Act.Division 07/11/2008 DBAD / PUB 150.00   230.52 मुशीरा HN-57075 07/11/2008 1 150.00 Hindi Books

© Delhi Public Library
Hit Counter
free hit counter